|
|
|
|
| LEADER |
00000nam0a2200000 4500 |
| 001 |
89826 |
| 005 |
20240914063122.0 |
| 010 |
|
|
|a 5699121986
|
| 035 |
|
|
|a (RuTPU)RU\TPU\book\96361
|
| 090 |
|
|
|a 89826
|
| 100 |
|
|
|a 20060130d2005 km y0rusy50 ca
|
| 101 |
0 |
|
|a rus
|
| 102 |
|
|
|a RU
|
| 105 |
|
|
|a a f 001zd
|
| 200 |
1 |
|
|a Религия
|e энциклопедия заблуждений
|f А. И. Таицкая
|
| 210 |
|
|
|a Москва
|c Эксмо
|d 2005
|a Донецк
|c СКИФ
|
| 215 |
|
|
|a 422 с.
|c ил.
|
| 320 |
|
|
|a Библиогр.: с. 414-417
|
| 600 |
|
1 |
|a Кальвин
|b Ж.
|c французский деятель Реформации, основатель кальвинизма
|f 1509-1564
|g Жан
|2 stltpui
|3 (RuTPU)RU\TPU\pers\140
|9 81
|
| 600 |
|
1 |
|a Пушкин
|b А. С.
|c российский поэт
|c писатель
|f 1799-1837
|g Александр Сергеевич
|7 ca
|8 rus
|2 stltpui
|3 (RuTPU)RU\TPU\pers\1026
|9 453
|
| 600 |
|
0 |
|a Иван Грозный
|d IV
|c великий князь московский, первый русский царь
|f 1530-1584
|c из династии Рюриковичей
|2 stltpui
|3 (RuTPU)RU\TPU\pers\1414
|
| 600 |
|
0 |
|a Николай Чудотворец (Угодник)
|c архиепископ Мир Ликийских
|c святитель
|f 3 век
|2 stltpush
|3 (RuTPU)RU\TPU\pers\15872
|9 5537
|
| 610 |
1 |
|
|a религия
|
| 610 |
1 |
|
|a религиозные движения
|
| 610 |
1 |
|
|a анафема
|
| 610 |
1 |
|
|a армия
|
| 610 |
1 |
|
|a церковь
|
| 610 |
1 |
|
|a буддизм
|
| 610 |
1 |
|
|a вера
|
| 610 |
1 |
|
|a Восхождение Христа
|
| 610 |
1 |
|
|a Вселенские соборы
|
| 610 |
1 |
|
|a гомеопатия
|
| 610 |
1 |
|
|a Домострой
|
| 610 |
1 |
|
|a душа
|
| 610 |
1 |
|
|a жизнь после смерти
|
| 610 |
1 |
|
|a иконы
|
| 610 |
1 |
|
|a ислам
|
| 610 |
1 |
|
|a конец света
|
| 610 |
1 |
|
|a крещение Москвы
|
| 610 |
1 |
|
|a молитвы
|
| 610 |
1 |
|
|a Ноев Ковчег
|
| 610 |
1 |
|
|a причащение
|
| 610 |
1 |
|
|a протестантизм
|
| 610 |
1 |
|
|a суеверия
|
| 610 |
1 |
|
|a храмы
|
| 610 |
1 |
|
|a экология
|
| 610 |
1 |
|
|a православие
|
| 610 |
1 |
|
|a политика
|
| 610 |
1 |
|
|a экоменизм
|
| 610 |
1 |
|
|a энциклопедии
|
| 686 |
|
|
|a Э2я2
|v LBC/SL-A
|2 rubbk
|
| 700 |
|
1 |
|a Таицкая
|b А. И.
|g Анна Ивановна
|
| 801 |
|
1 |
|a RU
|b 63413507
|c 20060130
|g PSBO
|
| 801 |
|
2 |
|a RU
|b 63413507
|c 20120420
|g PSBO
|
| 900 |
|
|
|a Религиоведение
|
| 942 |
|
|
|c BK
|